00676nam a2200193 a 4500008004100000020003500041100002100076245012700097260004700224300003400271504005400305500002000359650002600379650003400405650001600439003000100455005001700456040000900473  a0750675926 (pbk. : alk. paper)1 aAmidon, Debra M.14aThe innovation superhighway :bharnessing intellectual capital for sustainable collaborative advantage /cDebra M. Amidon. aAmsterdam :bButterworth-Heinemann,c2003. axxx, 379 p. :bill. ;c24 cm. aIncludes bibliographical references: p. 351-360. aIncludes index. 0aIntellectual capital. 0aCreative ability in business. 0aManagement.20230123133348.0 cNUST